| 000 | 01352cam a2200361 a 4500 | ||
|---|---|---|---|
| 999 |
_c1020 _d1020 |
||
| 001 | (Sirsi) a947347 | ||
| 003 | OSt | ||
| 005 | 20200313105926.0 | ||
| 008 | 130920r20142013nyub d 000 1 eng d | ||
| 020 |
_a9780142427552 _q(pbk.) : |
||
| 020 |
_a0142427551 _q(pbk.) |
||
| 040 |
_aNFN _beng _cTAE _dKH8 |
||
| 042 | _anbic | ||
| 082 | 0 | _aFIC LU | |
| 100 | 1 |
_aLu, Marie, _d1984- _eauthor |
|
| 245 | 1 | 0 |
_aProdigy : _ba Legend novel / _cMarie Lu. |
| 260 |
_aNew York, New York : _bSpeak, an imprint of Penguin Group. (USA), _c2014. |
||
| 300 |
_a374, 13, 14 p. : _bmap ; _c21 cm. |
||
| 440 |
_aLegend novels ; _nBook 2. |
||
| 500 | _aOriginally published: New York : G.P. Putnam's Sons,. c2013. | ||
| 500 | _aIncludes and excerpt of the author's, Champion. | ||
| 520 | _aJune and Day make their way to Las Vegas where they join the rebel Patriot group and become involved in an assassination plot against the Elector in hopes of saving the Republic. | ||
| 521 | 1 | _aAges 13-18. | |
| 650 | 0 |
_aFugitives from justice _vJuvenile fiction. |
|
| 650 | 0 |
_aCriminals _vJuvenile fiction. |
|
| 650 | 0 |
_aSoldiers _vJuvenile fiction. |
|
| 650 | 0 |
_aGovernment, Resistance to _vJuvenile fiction. |
|
| 650 | 0 |
_aAssassination _vJuvenile fiction. |
|
| 650 | 0 | _aWar stories. | |
| 650 | 0 | _aScience fiction. | |
| 650 | 0 | _aYoung adult fiction. | |
| 942 |
_2ddc _cFIC |
||